000
00294nam a22001217a 4500
020
_a
9788120337213
082
_a
621.815
_b
JOH/TE
100
_a
John, K.C.
_9
266
245
_a
Textbook of Machine Drawing
260
_a
New Delhi
_b
PHI Learning Private Limited
_c
2010
300
_a
346
942
_c
BK
999
_c
14448
_d
14448